Financial accounting

Đã lưu trong:
書目詳細資料
主要作者: Libby, Robert
格式: 圖書
語言:Undetermined
出版: Boston McGraw Hill 2004
主題:
標簽: 添加標簽
沒有標簽, 成為第一個標記此記錄!
Thư viện lưu trữ: Trung tâm Học liệu Trường Đại học Cần Thơ
LEADER 00565nam a2200205Ia 4500
001 CTU_69346
008 210402s9999 xx 000 0 und d
020 |c 54.06 
082 |a 657 
082 |b L694 
100 |a Libby, Robert 
245 0 |a Financial accounting 
245 0 |c Robert Libby , Patricia A. Libby and Daniel G. Short 
260 |a Boston 
260 |b McGraw Hill 
260 |c 2004 
650 |a Accounting,Corporations,Financial statements 
650 |x Accounting 
904 |i Giang 
980 |a Trung tâm Học liệu Trường Đại học Cần Thơ